Southville International School and Colleges
Your cart is empty.
  • Cart
  • Lists
    Public lists Eva Luna New books Lux_list list_1
    Your lists Log in to create your own lists
  • Log in to your account
  • Your cookies
  • Search history
Southville International School and Colleges
  • Advanced search
  • Recent comments
  • Most popular
  • Libraries

Log in to your account

Log in with GOOGLE


If you do not have an external account, but do have a local account, you can still log in:

  1. Home
  2. MARC view: Smoothie power :
Normal view MARC view ISBD view

Smoothie power : (Record no. 357840)

[ view plain ]
MARC details
000 -LEADER
fixed length control field 00682nam a2200241Ia 4500
008 - FIXED-LENGTH DATA ELEMENTS--GENERAL INFORMATION
fixed length control field 180523s9999 xx 000 0 und d
020 ## - INTERNATIONAL STANDARD BOOK NUMBER
International Standard Book Number 978-1-59233-769-9
050 ## - LIBRARY OF CONGRESS CALL NUMBER
Classification number CUL TX 840
050 ## - LIBRARY OF CONGRESS CALL NUMBER
Item number .B5P39 2017
100 ## - MAIN ENTRY--PERSONAL NAME
Personal name Pawassar, Irina.
245 #0 - TITLE STATEMENT
Title Smoothie power :
245 #0 - TITLE STATEMENT
Remainder of title 80 power packed smoothie recipes for every day and everyone /
245 #0 - TITLE STATEMENT
Statement of responsibility, etc Irina Pawassar & Tanja Dusy.
260 ## - PUBLICATION, DISTRIBUTION, ETC. (IMPRINT)
Place of publication, distribution, etc Beverly, Massachusetts :
260 ## - PUBLICATION, DISTRIBUTION, ETC. (IMPRINT)
Name of publisher, distributor, etc Fair Winds Press,
260 ## - PUBLICATION, DISTRIBUTION, ETC. (IMPRINT)
Date of publication, distribution, etc 2017
300 ## - PHYSICAL DESCRIPTION
Extent 184 pages :
300 ## - PHYSICAL DESCRIPTION
Other physical details colored illustrations ;
300 ## - PHYSICAL DESCRIPTION
Dimensions 23 cm.
500 ## - GENERAL NOTE
General note Includes index
650 ## - SUBJECT ADDED ENTRY--TOPICAL TERM
Topical term or geographic name as entry element Blenders ( Cooking).
650 ## - SUBJECT ADDED ENTRY--TOPICAL TERM
General subdivision Smoothies (Beverages).
Holdings
Withdrawn status Lost status Damaged status Home library Current library Shelving location Date acquired Cost, normal purchase price Total Checkouts Full call number Barcode Date last seen Price effective from Koha item type
      South Mansfield College South Mansfield College   01/31/2018 1.00   CUL TX 840 .B5P39 2017 SMC06126 05/23/2018 05/23/2018 Books

Smoothie power :

APA

Pawassar I., .Smoothie power. Beverly, Massachusetts: .

Chicago

Pawassar Irina, .Smoothie power. Beverly, Massachusetts: .

Harvard

Pawassar I., .Smoothie power. Beverly, Massachusetts: .

MLA

Pawassar Irina, .Beverly, Massachusetts: . .

  • Place hold
  • Print
  • Cite
  • Add to your cart (remove)
  • Save record
    BIBTEX Dublin Core MARCXML MARC (non-Unicode/MARC-8) MARC (Unicode/UTF-8) MARC (Unicode/UTF-8, Standard) MODS (XML) RIS
  • More searches
    Search for this title in:
    Other Libraries (WorldCat) Other Databases (Google Scholar) Online Stores (Bookfinder.com) Open Library (openlibrary.org)

Exporting to Dublin Core...

SOUTHVILLE LIBRARY

Southville International School and Colleges Library

1281 Tropical Ave. Cor. Luxembourg St., BF Homes International, Las Pinas City

Tel. No. 8256374 / 252358 Loc. 117/146

Powered by Koha